[Event "GEO-chT Club"]
[Site "Lagodekhi"]
[Date "2016.09.27"]
[Round "6.5"]
[White "Metreveli, Lekso"]
[Black "Harutyunian, Tigran K"]
[Result "0-1"]
[WhiteElo "1655"]
[BlackElo "2480"]
[PlyCount "52"]
[EventDate "2016.09.22"]
[EventType "team-tourn"]
[EventRounds "7"]
[EventCountry "GEO"]
[SourceTitle "CBM 174 Extra"]
[Source "ChessBase"]
[SourceDate "2016.10.10"]
[SourceVersion "1"]
[SourceVersionDate "2016.10.10"]
[SourceQuality "1"]
[WhiteTeam "Racha Ambrolauri"]
[BlackTeam "Adjara Nona"]
[WhiteTeamCountry "GEO"]
[BlackTeamCountry "GEO"]

1. d4 Nf6 2. Nf3 g6 3. Nc3 d5 4. Bf4 Bg7 5. e3 0-0 6. Be2 c5 7. dxc5 Qa5 8. Nd2 Qxc5 9. Nb3 Qb6 10. h4 h5 11. Qd2 Nc6 12. Nd4 e5 13. Nxc6 exf4 14. Ne7+ Kh7 15. Nexd5 Nxd5 16. Nxd5 fxe3 17. fxe3 Qxb2 18. 0-0 Be6 19. Rab1 Qxa2 20. Nf4 b6 21. Nxe6 Qxe6 22. Rf3 a5 23. Rbf1 a4 24. Bd3 a3 25. c3 a2 26. Ra1 Qb3 0-1

[Event "GEO-chT Club"]
[Site "Lagodekhi"]
[Date "2016.09.22"]
[Round "1.3"]
[White "Metreveli, Lekso"]
[Black "Karelidze, Vakhtang"]
[Result "0-1"]
[WhiteElo "1655"]
[BlackElo "1942"]
[PlyCount "118"]
[EventDate "2016.09.22"]
[EventType "team-tourn"]
[EventRounds "7"]
[EventCountry "GEO"]
[SourceTitle "CBM 174 Extra"]
[Source "ChessBase"]
[SourceDate "2016.10.10"]
[SourceVersion "1"]
[SourceVersionDate "2016.10.10"]
[SourceQuality "1"]
[WhiteTeam "Racha Ambrolauri"]
[BlackTeam "Gori Shida Kartli"]
[WhiteTeamCountry "GEO"]
[BlackTeamCountry "GEO"]

1. d4 Nf6 2. c4 e6 3. Nf3 Bb4+ 4. Bd2 Qe7 5. e3 0-0 6. Bxb4 Qxb4+ 7. Qd2 Qxd2+ 8. Nfxd2 d6 9. Nc3 a6 10. Be2 Nc6 11. 0-0 e5 12. d5 Ne7 13. e4 Ng6 14. g3 Bh3 15. Rfe1 Nd7 16. Nf3 h6 17. Kh1 Bg4 18. h3 Bxf3+ 19. Bxf3 Ne7 20. Rad1 g6 21. g4 g5 22. Ne2 Rfe8 23. Ng3 Kh7 24. Re3 b6 25. Rd2 a5 26. a4 Ng6 27. Nf5 Nh4 28. Nxh4 gxh4 29. Bg2 Kg6 30. Kh2 Nc5 31. b3 Rg8 32. Rde2 Kf6 33. Rd2 Rg6 34. Rde2 Rag8 35. Rd2 Kg5 36. Rde2 Rf6 37. f3 h5 38. Rd2 Rf4 39. Rc2 Rg6 40. Rc1 hxg4 41. hxg4 Rff6 42. Bh3 Kf4 43. Rec3 Rg8 44. Rg1 Rfg6 45. Rf1 Rg5 46. Re1 Rc8 47. Re2 c6 48. Rce3 cxd5 49. exd5 Re8 50. Bg2 Rg7 51. Bh3 f6 52. Re1 Rge7 53. R1e2 e4 54. Bg2 Re5 55. fxe4 Kxg4 56. Rf2 Kg5 57. Bh3 Nxe4 58. Rg2+ Ng3 59. Rxe5+ Rxe5 0-1

[Event "GEO-chT"]
[Site "Ureki"]
[Date "2015.10.11"]
[Round "7.4"]
[White "Metreveli, Lekso"]
[Black "Ebralidze, Alexandre"]
[Result "0-1"]
[WhiteElo "1443"]
[BlackElo "2163"]
[PlyCount "76"]
[EventDate "2015.10.05"]
[EventType "team-tourn"]
[EventRounds "7"]
[EventCountry "GEO"]
[SourceTitle "CBM 168 Extra"]
[Source "ChessBase"]
[SourceDate "2015.10.29"]
[SourceVersion "1"]
[SourceVersionDate "2015.10.29"]
[SourceQuality "1"]
[WhiteTeam "Ambrolauri"]
[BlackTeam "Guria"]
[WhiteTeamCountry "GEO"]
[BlackTeamCountry "GEO"]

1. d4 d5 2. c4 e6 3. Nc3 Bb4 4. e3 Nf6 5. Nf3 0-0 6. Be2 dxc4 7. Bxc4 b6 8. 0-0 Bb7 9. Qe2 c5 10. Rd1 Qe7 11. Bd2 cxd4 12. Nxd4 a6 13. a3 Bd6 14. Rac1 b5 15. Ba2 Nbd7 16. Be1 Rac8 17. f3 Nb6 18. e4 Bf4 19. Rc2 Nc4 20. Bxc4 Rxc4 21. Bf2 Rfc8 22. g3 Bb8 23. Rcd2 h5 24. Nb3 Be5 25. Na2 Qc7 26. Bd4 Bxd4+ 27. Rxd4 Rxd4 28. Rxd4 h4 29. g4 Nd7 30. Nc3 Ne5 31. Qe3 Nc4 32. Qg5 h3 33. Kf1 Nxb2 34. Nc5 f6 35. Qh5 Qe5 36. Qg6 Qxd4 37. Nd5 Qc4+ 38. Ke1 Bxd5 0-1